Statistics for Kanye Songs by Picture

Click here to take the quiz!

General Stats

  • This quiz has been taken 248 times
  • The average score is 10 of 15

Answer Stats

Answer% Correct
Roses
89%
Carnival
87%
Runaway
83%
Champion
82%
Spaceship
80%
Waves
77%
Street Lights
76%
Drive Slow
74%
RoboCop
74%
Ghost Town
59%
Talking
58%
Late
50%
Barry Bonds
42%
Lift Off
25%
Good Life
8%

Score Distribution

Percentile by Number Answered

Percent of People with Each Score

Your Score History

You have not taken this quiz